000 00327nam a2200109Ia 4500
008 171204s9999 xx 000 0 und d
245 _aPrinciples of Microeconomics:
245 _cN. Gregory Mankiw
260 _c2014
650 _xMICROECONOMICS AND THEORY & PRACTICE
856 _uhttp://down.ebook777.com/025/9781285165905.pdf
999 _c345737
_d345737